00694nam a2200217Ia 450000500170000000800410001704000190005804100120007708200160008910000180010524500610012326000260018430000160021044000430022650400340026965000330030385000110033694200070034799900170035495201050037120240205093723.0131103s9999 xx 000 0 und d aLoreto College aEnglish a370.15bFLE aFleming. C M  aTeaching : bA Psychological Analysis, cC M Fleming aLondonbMethuenc1950 axiii,291p.  aMethuen's manuals of modern psychology aIncludes references and index aSchools and their activities aLCLIB  cBK c23381d73860 00102ddc4070aMAINbMAINd2013-11-04l0o370.15 FLE 1238pB26022r2013-11-04w2013-11-04yBKf